000 00312nam a2200109Ia 4500
008 170221s9999 xx 000 0 und d
245 _aEditorial: AABFJ Volume 8, Issue 8
260 _c2013
300 _a12 :
650 _xBusiness
856 _uhttp://ro.uow.edu.au/cgi/viewcontent.cgi?article=1514&context=aabfj
999 _c313290
_d313290